| 000 | 00746nam a2200217Ia 4500 | ||
|---|---|---|---|
| 003 | OSt | ||
| 005 | 20220927104452.0 | ||
| 006 | a|||||r|||| 00| 0 | ||
| 007 | ta | ||
| 008 | 220926b |||||||| |||| 00| 0 eng d | ||
| 024 | _a147399 | ||
| 037 | _cReference Collections | ||
| 040 |
_aRTL _cRTL _beng |
||
| 041 |
_2eng _aeng |
||
| 082 | _a"X:551.1.N5, H7/UN" | ||
| 110 |
_aUN; International commodity arrangements (Interim co-ordinating committee for-) _9366129 |
||
| 245 | 0 | _aReview of International Commodity arrangements | |
| 700 |
_aUN; International commodity arrangements (Interim co-ordinating committee for-) _9366130 |
||
| 942 |
_h"X:551.1.N5, H7/UN" _cCC |
||
| 999 |
_c687670 _d687670 |
||